Akchar Beej Ki Hariyali (Record no. 122684)

MARC details
000 -LEADER
fixed length control field 00441nam a2200133Ia 4500
008 - FIXED-LENGTH DATA ELEMENTS--GENERAL INFORMATION
fixed length control field 211122s9999||||xx |||||||||||||| ||und||
082 ## - DEWEY DECIMAL CLASSIFICATION NUMBER
Classification number 891.434
Item number AMI-A
100 ## - MAIN ENTRY--PERSONAL NAME
Personal name Amitabh, Vedprakesh
245 #0 - TITLE STATEMENT
Title Akchar Beej Ki Hariyali
260 ## - PUBLICATION, DISTRIBUTION, ETC.
Name of publisher, distributor, etc. Vishvavidyalaya Prakashan
Place of publication, distribution, etc. Varanasi
Date of publication, distribution, etc. 2020
630 ## - SUBJECT ADDED ENTRY--UNIFORM TITLE
General subdivision General Stack
650 ## - SUBJECT ADDED ENTRY--TOPICAL TERM
Topical term or geographic name entry element Literature & rhetoric
942 ## - ADDED ENTRY ELEMENTS (KOHA)
Koha item type BOOK
650 ## - SUBJECT ADDED ENTRY--TOPICAL TERM
Form subdivision Literature of other languagesEast Indo-European & Celtic LanguagesGeneralia
Holdings
Withdrawn status Lost status Damaged status Not for loan Home library Current library Date acquired Total Checkouts Full call number Barcode Shelving location Date last seen Price effective from Koha item type
        SB LIBRARY SB LIBRARY 22/11/2021   891.434 AMI-A 00136183 GENERAL STACK 22/11/2021 22/11/2021 BOOK

Powered by Koha